| 000 | 00366nam a22001577a 4500 | ||
|---|---|---|---|
| 003 | SGT | ||
| 020 | _a978-81-8448-298-1 | ||
| 082 |
_a616.0757 _bD08A |
||
| 100 | _aANTSAKLIS, ARIS J. | ||
| 245 | _aDONALD SCHOOL TB. OF INTERVENTION ULTRASOUND | ||
| 250 | _a1ST | ||
| 260 |
_aINDIA _bJAYPEE PUB _c2008 |
||
| 300 | _a167 | ||
| 650 | _aRADIOLOGY | ||
| 942 |
_2ddc _cBK |
||
| 999 |
_c18689 _d18689 |
||